000 00718nam a22002177a 4500
003 UA-OsUOA
001 101132
007 ta
008 20130605b un ||||| |||| 00| 0 ukr d
100 _aПантєлєєва Н.
090 _a330(477)
_bП16
942 _cSA
040 _aUA-OsUOA
_bukr
_cUA-OsUOA
_dUA-OsUOA
245 _aПолівекторність інновацій роздрібного банківського бізнесу: реалії сьогодення
300 _aС.15-22
955 _a0
041 _aukr
080 _a330(477)
773 0 _w101131
_tВісник Національного банку України
_dК.
_d2013
_g5
650 7 _a330 Економіка взагалі
_2UDC
999 _c387381
_d387381